Search the Library Catalogue
| 000 -LEADER | |
|---|---|
| fixed length control field | 00776cam a22002054a 4500 |
| 008 - FIXED-LENGTH DATA ELEMENTS--GENERAL INFORMATION | |
| fixed length control field | 020912s2002 njua b 001 0 eng |
| 020 ## - INTERNATIONAL STANDARD BOOK NUMBER | |
| ISBN | 9780471265795 |
| Paper back/Hardbound | hbk |
| 041 ## - LANGUAGE CODE | |
| Language code of text/sound track or separate title | eng |
| 082 00 - DEWEY DECIMAL CLASSIFICATION NUMBER | |
| Classification number | 332.6 |
| Item number | BRE |
| 100 1# - MAIN ENTRY--AUTHOR NAME | |
| Personal name | Brennan, Jack, |
| 245 10 - TITLE STATEMENT | |
| Title | Straight talk on investing : |
| Sub Title | what you need to know / |
| Statement of responsibility, etc | Jack Brennan ; with Marta McCave. |
| 260 ## - PUBLICATION, DISTRIBUTION, ETC. (IMPRINT) | |
| Place of publication | Hoboken, N.J. : |
| Name of publisher | J. Wiley, |
| Year of publication | c2002. |
| 300 ## - PHYSICAL DESCRIPTION | |
| Number of Pages | xiv, 239 p. : |
| Other physical details | ill. ; |
| Dimensions | 24 cm. |
| 504 ## - BIBLIOGRAPHY, ETC. NOTE | |
| Bibliography, etc | |
| 650 #0 - SUBJECT ADDED ENTRY--TOPICAL TERM | |
| Topical Term | Investments. |
| 856 42 - ELECTRONIC LOCATION AND ACCESS | |
| Uniform Resource Identifier | http://www.loc.gov/catdir/bios/wiley045/2002014899.html |
| Uniform Resource Identifier | http://www.loc.gov/catdir/description/wiley038/2002014899.html |
| Uniform Resource Identifier | http://www.loc.gov/catdir/toc/wiley031/2002014899.html |
| 942 ## - ADDED ENTRY ELEMENTS (KOHA) | |
| Koha item type | English Books |
| Withdrawn status | Lost status | Damaged status | Not for loan | Home library | Current library | Shelving location | Date acquired | Full call number | Accession Number | Price effective from | Koha item type |
|---|---|---|---|---|---|---|---|---|---|---|---|
| Anna Centenary Library | Anna Centenary Library | 4TH FLOOR, A WING | 23.12.2010 | 332.6 BRE | 434367 | 14.12.2024 | English Books |